Le lettere de S. Caterina da Siena / (Record no. 43298)

MARC details
000 -LEADER
campo de control de longitud fija 00596nam a2200181 i 4500
001 - NÚMERO DE CONTROL
campo de control 43298
003 - IDENTIFICADOR DE NÚMERO DE CONTROL
campo de control ES-MaACL
005 - FECHA Y HORA DE LA ÚLTIMA TRANSACCIÓN
campo de control 20230906160752.0
007 - CAMPO FIJO DE DESCRIPCIÓN FÍSICA--INFORMACIÓN GENERAL
campo de control de longitud fija t|
008 - DATOS DE LONGITUD FIJA--INFORMACIÓN GENERAL
campo de control de longitud fija 030317s1913 it ||||1| ita d
100 1# - ENTRADA PRINCIPAL--NOMBRE DE PERSONA
Nombre de persona Catalina de Siena
Títulos y otros términos asociados al nombre Santa.
9 (RLIN) 37040
245 13 - MENCIÓN DEL TÍTULO
Título Le lettere de S. Caterina da Siena /
Mención de responsabilidad, etc. Santa Catalina de Siena ; con note de Niccolo Tommaseo ; a cura di Piero Miscialtelli.
260 ## - PUBLICACIÓN, DISTRIBUCIÓN, ETC.
Lugar de publicación, distribución, etc. Siena :
Nombre del editor, distribuidor, etc. [s.n.,
Fecha de publicación, distribución, etc. 1913] (
Fabricante Tip. Sociale)
300 ## - DESCRIPCIÓN FÍSICA
Extensión 6 v. ;
Dimensiones 22 cm.
700 1# - ENTRADA AGREGADA--NOMBRE PERSONAL
Nombre de persona Tommaseo, Niccolo.
9 (RLIN) 110560
700 1# - ENTRADA AGREGADA--NOMBRE PERSONAL
Nombre de persona Miscialtelli, Piero.
9 (RLIN) 81641
852 ## - LOCALIZACIÓN
Ubicación ES-MaACL
Número de control de estantería F-1867-72
Holdings
Estatus retirado Estado de pérdida Estado de daño No para préstamo Biblioteca de origen Biblioteca actual Ubicación en estantería Fecha de adquisición Fuente de adquisición Total de préstamos Signatura topográfica completa Código de barras Visto por última vez Precio de reemplazo Tipo de ítem Koha
        Biblioteca del Ateneo de Madrid Biblioteca del Ateneo de Madrid Depósito 2 17/01/2008     F-1867-72 1045581 23/02/2023 23/02/2023 Libro impreso